00149nam a22000737a 4500082001500000245004000015300000900055490001100064 a541.34 LES aSolvent for electrolytes Solutions/ a72p: aLesson